000 00446nam a2200145 i 4500
001 52666
003 ES-MaACL
007 t|
008 030902s1939 it ||||1| ita d
100 1 _aDe Viti de Marco, Antonio.
_943082
245 1 0 _aPrincipii di economia finanziaria /
_cAntonio de Viti de Marco.
260 _aTorino :
_bGiuliu Einaudi,
_c1939 (
_fLorenzo Ratero)
300 _aXXXII, 419 p. ;
_c25 cm.
852 _aES-MaACL
_jL-4061
_bR.104977
999 _c52666
_d52666